000 00889nam a2200217 a 4500
003 0
005 20250415133727.0
008 970101s19uu xx 00 eng d
050 _aPGS HV 6250.4.Y68
_b.F478 2004
100 _aFilart, Miguel Anton E.
245 _aAwareness of grade 5 and 6 students on safety measures to avoid becoming a crime victim /
_cMiguel Anton E. Filart.
260 _aLas PiƱas City, Philippines :
_bSouthville International School and Colleges,
_c2004.
300 _a56 pages :
_billustrations ;
_c28 cm.
504 _aIncludes bibliographical references.
650 _aCrime prevention
_vJuvenile literature.
650 _aSafety education
_vElementary students.
650 _aChildren
_vCrimes against
_vPrevention.
650 _aPersonal safety
_vStudy and teaching (Elementary).
650 _aSchool children
_vSafety awareness.
942 _2lcc
_cPASS
999 _c96980
_d96980